<?xml version="1.0" encoding="UTF-8"?><?xml-stylesheet type="text/xsl" href="static/style.xsl"?><OAI-PMH xmlns="http://www.openarchives.org/OAI/2.0/" xmlns:xsi="http://www.w3.org/2001/XMLSchema-instance" xsi:schemaLocation="http://www.openarchives.org/OAI/2.0/ http://www.openarchives.org/OAI/2.0/OAI-PMH.xsd"><responseDate>2026-04-26T20:25:38Z</responseDate><request verb="GetRecord" identifier="oai:uvadoc.uva.es:10324/31474" metadataPrefix="marc">https://uvadoc.uva.es/oai/request</request><GetRecord><record><header><identifier>oai:uvadoc.uva.es:10324/31474</identifier><datestamp>2021-06-29T22:23:37Z</datestamp><setSpec>com_10324_38</setSpec><setSpec>col_10324_852</setSpec></header><metadata><record xmlns="http://www.loc.gov/MARC21/slim" xmlns:doc="http://www.lyncode.com/xoai" xmlns:xsi="http://www.w3.org/2001/XMLSchema-instance" xmlns:dcterms="http://purl.org/dc/terms/" xsi:schemaLocation="http://www.loc.gov/MARC21/slim http://www.loc.gov/standards/marcxml/schema/MARC21slim.xsd">
<leader>00925njm 22002777a 4500</leader>
<datafield tag="042" ind1=" " ind2=" ">
<subfield code="a">dc</subfield>
</datafield>
<datafield tag="720" ind1=" " ind2=" ">
<subfield code="a">Arriba Sanz, Jaime de</subfield>
<subfield code="e">author</subfield>
</datafield>
<datafield tag="260" ind1=" " ind2=" ">
<subfield code="c">2018</subfield>
</datafield>
<datafield tag="520" ind1=" " ind2=" ">
<subfield code="a">En el presente trabajo de fin de grado se describirá el avance que ha habido a lo&#xd;
largo del tiempo en el diseño de las manillas de los vehículos, así como la política de&#xd;
jalonamiento que se lleva a cabo en proyectos de ingeniería de los vehículos y sus&#xd;
diferentes componentes.&#xd;
Tras esto se desarrollará mediante la herramienta CATIA V5 un diseño innovador&#xd;
de apertura para las puertas de un vehículo del segmento D, con las características&#xd;
funcionales teóricas a cumplir.&#xd;
Finalmente analizaremos si nuestro diseño cumple correctamente con los&#xd;
requisitos para su correcta fabricación, ensamblaje y ergonomía ante el amplio abanico&#xd;
de la población a la que estará destinado.</subfield>
</datafield>
<datafield tag="024" ind2=" " ind1="8">
<subfield code="a">http://uvadoc.uva.es/handle/10324/31474</subfield>
</datafield>
<datafield ind1=" " ind2=" " tag="653">
<subfield code="a">Automóviles - Diseño y construcción</subfield>
</datafield>
<datafield tag="245" ind1="0" ind2="0">
<subfield code="a">Diseño de una manilla exterior de apertura retráctil para un vehículo</subfield>
</datafield>
</record></metadata></record></GetRecord></OAI-PMH>